000 00426nam a22001697a 4500
003 MACL
005 20150804180229.0
008 150804b xxu||||| |||| 00| 0 eng d
040 _cMACL
041 _aEnglish
082 _a370/CHA
100 _aChatterjee Ajoy
_94812
245 _aAdult Education & Rural Development
260 _aNew Delhi
_bCommonwealth Publisher
_c2008
650 _aEducation
_94813
942 _2ddc
_cBK
999 _c50204
_d50204